| 000 | 00408nam a2200145Ia 4500 | ||
|---|---|---|---|
| 008 | 230411s9999 xx 000 0 und d | ||
| 020 | _a0-7216-3669-1 | ||
| 041 | _aeng | ||
| 082 | _aDI/616.2/FRA/PAR/B06330 | ||
| 100 |
_aFraser Richard & Pare J _9179079 |
||
| 245 | _aSynopsis of Diseases of the Chest | ||
| 260 |
_bW B Saunders Company _aPhiladelphia _c1994 |
||
| 300 | _a1020p | ||
| 999 |
_c156745 _d156745 |
||